000 01144nam a2200301Ia 4500
005 20220317001902.0
008 170410s2015 c g 000 0 s
020 _a9789585820746
041 _aspa
082 0 4 _aCo864.6
_bO76d
100 1 _aOspina Buitrago, William
_d1954-
245 1 0 _aDónde está la franja amarilla?
_cWilliam Ospina
250 _a1a. edición, 7a reimpresión
300 _a119 páginas
_c23 cm
490 _aLiteratura Random House
500 _aIncluye datos biográficos del autor en la solapa
505 _aLo que le falta a Colombia -- Colombia, el Proyecto Nacional y la Franja Amarilla -- Sobre Bogotá -- Estanislao Zuleta: la amistad y el saber
650 1 4 _2LEMB
_aAutores colombianos
_vCritica e interpretación
650 1 4 _2LEMB
_aCritica social
_vEnsayos, conferencias, etc
650 1 4 _2LEMB
_aEnsayos colombianos
651 4 _aColombia
_vEnsayos
_xHistoria
_978370
942 _2ddc
_cBK
264 _aBogotá
_bPenguin Random House
_c2015
336 _atexto
_btxt
_2rdacontent
337 _asin mediación
_bn
_2rdamedia
338 _avolumen
_bnc
_2rdacarrier
040 _aCO-BoRNBP
_bspa
_erda
_cCO-BoRNBP
999 _c8416
_d8416